[Event "Czech Open A"]
[Site "Pardubice CZE"]
[Date "2006.07.23"]
[Round "3"]
[White "Zdebskaja,N"]
[Black "Batakovs,O"]
[Result "1-0"]
[WhiteElo "2344"]
[BlackElo "2195"]

1.e4 c5 2.Nf3 e6 3.d4 cxd4 4.Nxd4 Nc6 5.Nc3 Qc7 6.Be2 a6 7.a4 Nf6 8.O-O Be7
9.Be3 O-O 10.f4 d6 11.Kh1 Bd7 12.Nb3 b6 13.Qe1 Bc8 14.Qg3 Kh8 15.Bd3 e5 16.a5 bxa5
17.Nd5 Nxd5 18.exd5 exf4 19.Rxf4 Ne5 20.Bd4 f5 21.Nxa5 Bf6 22.Rff1 Bd7 23.c4 Nxd3
24.Qxd3 Rab8 25.Bxf6 Rxf6 26.b3 Qc5 27.Rfe1 Rf7 28.Qd2 h6 29.Qe3 Qxe3 30.Rxe3 Kg8
31.Nc6 Bxc6 32.dxc6 Rc7 33.Rxa6 Rbc8 34.Rf3 g6 35.Rd3 Rxc6 36.Rxd6 Rxa6 37.Rxa6 Kf7
38.Rb6 Re8 39.Kg1 Re2 40.b4 Rc2 41.c5 h5 42.c6 Ke6 43.b5 Kd6 44.Rb7 Rb2 45.c7  1-0

[Event "Czech Open B2"]
[Site "Pardubice CZE"]
[Date "2006.07.23"]
[Round "3"]
[White "Nowacki,A"]
[Black "Jezbera,J"]
[Result "0-1"]
[WhiteElo "2021"]
[BlackElo "2123"]

1.e4 c5 2.Nc3 e6 3.Nf3 Nc6 4.d4 cxd4 5.Nxd4 Nf6 6.Be3 Bb4 7.Bd3 d5 8.O-O Bxc3
9.bxc3 dxe4 10.Bb5 Bd7 11.Nb3 Ne5 12.Be2 O-O 13.Qd6 Ng6 14.Bc5 b6 15.Ba3 Qb8
16.Qd2 Rd8 17.Bd6 Qb7 18.Rad1 Bc6 19.Qe1 Nd5 20.Bg3 Ndf4 21.Nd4 e5 22.Nf5 Bd5
23.h4 Be6 24.Ne3 Nxe2+ 25.Qxe2 Nf4 26.Qb5 f6 27.a4 Rac8 28.a5 Rxd1 29.Rxd1 Qc6
30.Qb4 Qc5 31.Bxf4 Qxb4 32.cxb4 exf4 33.Nd5 Bxd5 34.Rxd5 bxa5 35.Rxa5 Rxc2
36.Rf5 Rc1+ 37.Kh2 e3 38.fxe3 fxe3  0-1

[Event "10th Battle of Senta 1697 Open"]
[Site "Senta SCG"]
[Date "2006.07.23"]
[Round "4"]
[White "Andrijevic,M"]
[Black "Vratonjic,S"]
[Result "1/2-1/2"]
[WhiteElo "2370"]
[BlackElo "2465"]

1.e4 c5 2.Nf3 e6 3.d4 cxd4 4.Nxd4 Nc6 5.Nc3 Qc7 6.Be2 Nf6 7.O-O Be7 8.Kh1 O-O
9.f4 d6 10.Be3 a6 11.Qe1 Nxd4 12.Bxd4 b5 13.a3 Bb7 14.Qg3 Rae8 15.Bf3 Rd8
16.Rad1 Ne8 17.e5 Bxf3 18.Qxf3 dxe5 19.Bxe5 Bd6 20.Bd4 Be7 21.Be5 Bd6 22.Bd4 Be7  1/2-1/2

[Event "10th Battle of Senta 1697 Open"]
[Site "Senta SCG"]
[Date "2006.07.23"]
[Round "4"]
[White "Nagy,At1 SCG"]
[Black "Guzsvany,A"]
[Result "1/2-1/2"]
[WhiteElo "2202"]
[BlackElo "2028"]

1.e4 c5 2.Nc3 Nc6 3.Nf3 e6 4.d4 cxd4 5.Nxd4 a6 6.Be2 Qc7 7.Be3 b5 8.O-O Bb7
9.Nb3 d6 10.f4 Be7 11.Bf3 Nf6 12.Qd2 O-O 13.Rad1 Rfe8 14.Qf2 Rac8 15.g4 Nd7
16.g5 Nc5 17.Nxc5 dxc5 18.Ne2 Nd4 19.Nxd4 cxd4 20.Rxd4 Qxc2 21.Rd2 Qc7 22.Rfd1 Bc6
23.e5 Bxf3 24.Qxf3 Bc5 25.Bxc5 Qxc5+ 26.Qf2 g6 27.Rd7 Qxf2+ 28.Kxf2 Rc2+
29.R1d2 Rec8 30.Ke3 Kf8 31.b3 R8c3+ 32.R7d3 Ke7 33.Rxc3 Rxc3+ 34.Ke4 Rh3
35.Rd6 a5 36.Ra6 a4 37.bxa4 bxa4 38.Rxa4 Rxh2 39.Ra7+ Kf8 40.a4 h5 41.gxh6 Rxh6
42.a5 Rh1 43.a6 Ra1 44.Kf3 Ra4 45.Ke3 Kg7 46.Ra8 Kh7 47.a7 Kg7 48.Kd3 Kh7
49.Kc3 Kg7 50.Kb3 Ra5 51.Kb4 Ra1 52.Kc5 Ra2 53.Kb6 Rb2+ 54.Ka6 Ra2+  1/2-1/2

[Event "32nd Open"]
[Site "Sitges ESP"]
[Date "2006.07.23"]
[Round "3"]
[White "Ramaswamy,A"]
[Black "Lacasa Diaz,J"]
[Result "1-0"]
[WhiteElo "2216"]
[BlackElo "2420"]

1.e4 c5 2.Nf3 e6 3.d4 cxd4 4.Nxd4 Nc6 5.Nc3 d6 6.Be2 Nf6 7.O-O Be7 8.Be3 O-O
9.f4 a6 10.a4 Qc7 11.Kh1 Rd8 12.Bd3 Nxd4 13.Bxd4 e5 14.Be3 exf4 15.Rxf4 Be6
16.Nd5 Bxd5 17.exd5 g6 18.Qf3 Nd7 19.Bd4 Rf8 20.Rf1 f6 21.Qh3 Kg7 22.Rh4 Rh8
23.Qe3 Ne5 24.Qh6+ Kf7 25.Rhf4 Raf8 26.b3 Ke8 27.Qh3 Qd7 28.Qe3 Rf7 29.c4 Kf8
30.Bc2 Kg7 31.Qg3 Rhf8 32.Bf5 Qc7 33.Be6 Kh8 34.Bxf7 Rxf7 35.R4f2 Kg8 36.Qc3 Rf8
37.Re2 Rc8 38.Qh3 f5 39.Qg3 Ng4 40.h3 Bf6 41.Bxf6 Nxf6 42.Rxf5 Nd7 43.Re7  1-0

[Event "Czech Open A"]
[Site "Pardubice CZE"]
[Date "2006.07.24"]
[Round "4"]
[White "Cvek,R"]
[Black "Tomashevsky,E"]
[Result "1/2-1/2"]
[WhiteElo "2509"]
[BlackElo "2594"]

1.Nf3 c5 2.e4 e6 3.d4 cxd4 4.Nxd4 Nc6 5.Nc3 a6 6.Be3 Nf6 7.Qd2 Bb4 8.f3 d5
9.a3 Qa5 10.exd5 Nxd5 11.Nb3 Bxc3 12.Nxa5 Bxd2+ 13.Bxd2 Nxa5 14.Bxa5 Ne3
15.Kf2 Nxf1 16.Rhxf1 Bd7 17.Rfd1 Bc6 18.Rd6 O-O 19.b3 e5 20.Rad1  1/2-1/2

[Event "Politiken Cup"]
[Site "Copenhagen DEN"]
[Date "2006.07.25"]
[Round "4"]
[White "Bromann,T"]
[Black "Haapasalo,JP"]
[Result "1/2-1/2"]
[WhiteElo "2364"]
[BlackElo "2200"]

1.Nc3 c5 2.e4 Nc6 3.Nf3 e6 4.d4 cxd4 5.Nxd4 a6 6.Be3 Qc7 7.Bd3 Nf6 8.O-O Ne5
9.Nf3 d6 10.a4 Be7 11.Nxe5 dxe5 12.Kh1 Bd7 13.f4 exf4 14.Bxf4 Bd6 15.Qd2 Bxf4
16.Rxf4 Qe5 17.Raf1 O-O 18.R1f3 Bc6 19.Rh4 Rfd8  1/2-1/2

[Event "Open"]
[Site "Kiel GER"]
[Date "2006.07.25"]
[Round "6"]
[White "Ghadimi,M"]
[Black "Scepanik,H"]
[Result "1-0"]
[WhiteElo "2109"]
[BlackElo "1867"]

1.e4 c5 2.Nf3 Nc6 3.d4 cxd4 4.Nxd4 e6 5.Nc3 a6 6.Nxc6 dxc6 7.Qxd8+ Kxd8 8.Bf4 Nf6
9.O-O-O+ Nd7 10.e5 Bb4 11.Ne4 Ke7 12.a3 Ba5 13.b4 Bc7 14.Nd6 Nb6 15.c4 a5
16.Kb2 axb4 17.axb4 f6 18.Be2 Rd8 19.exf6+ gxf6 20.Nf5+ exf5 21.Bxc7 Rxd1
22.Rxd1 Nd7 23.Bd3 Ne5 24.Re1 f4 25.Bxe5 fxe5 26.Rxe5+ Kf6 27.Re8 h6 28.Be2 b6
29.Bf3 Bb7 30.Rxa8 Bxa8 31.b5 Bb7 32.bxc6 Bc8  1-0

[Event "Dutch Open"]
[Site "Dieren NED"]
[Date "2006.07.26"]
[Round "2"]
[White "Erenburg,S"]
[Black "Van der Elburg,F"]
[Result "1-0"]
[WhiteElo "2585"]
[BlackElo "2348"]

1.e4 c5 2.Nf3 e6 3.d4 cxd4 4.Nxd4 Nc6 5.Nc3 Qc7 6.Be3 a6 7.Be2 Nf6 8.O-O Bb4
9.Na4 O-O 10.c4 Nxe4 11.c5 f5 12.a3 Bd2 13.Nxc6 Qxc6 14.Bxd2 Nxd2 15.Re1 Ne4
16.Bf3 b5 17.cxb6 Bb7 18.Rc1 Qb5 19.Bxe4 fxe4 20.Rc5 Qd3 21.Rc7 Bc6 22.Qxd3 exd3
23.Nc5 Rab8 24.b7 e5 25.f3 Rf7 26.Nxd3 Rxb7 27.Rxb7 Bxb7 28.Nxe5 Re7 29.Kf2 d6
30.Nc4 Rxe1 31.Kxe1 d5 32.Na5 Bc8 33.Kd2 Kf7 34.Ke3 Ke6 35.Kd4 Kd6 36.b4 Bd7
37.Nb7+ Kc6 38.Nc5 Bc8 39.a4 Kd6 40.h4 h6 41.h5  1-0

[Event "Dutch Open"]
[Site "Dieren NED"]
[Date "2006.07.26"]
[Round "2"]
[White "Van den Berg,Ha"]
[Black "Punt,R"]
[Result "1-0"]
[WhiteElo "2180"]
[BlackElo "2108"]

1.e4 c5 2.Nf3 Nc6 3.d4 cxd4 4.Nxd4 e6 5.Nc3 Qc7 6.Nb3 Nf6 7.a3 a6 8.Bd3 b5
9.O-O Be7 10.f4 d6 11.Qf3 Bb7 12.Be3 h5 13.Kh1 Ng4 14.Bg1 Bf6 15.Rad1 Rc8
16.h3 Ke7 17.Rd2 Na5 18.Nd4 Nc4 19.Bxc4 Qxc4 20.Re1 b4 21.Na4 Qc7 22.axb4 Bh4
23.Ree2 f5 24.Nb6 Nf6 25.Qb3 Nxe4 26.Qxe6+ Kf8 27.Rxe4 Qxb6 28.Nxf5  1-0

[Event "Dutch Open"]
[Site "Dieren NED"]
[Date "2006.07.26"]
[Round "2"]
[White "Rothuis,V"]
[Black "Van den Doel,E"]
[Result "0-1"]
[WhiteElo "2354"]
[BlackElo "2577"]

1.e4 c5 2.Nf3 e6 3.d4 cxd4 4.Nxd4 Nc6 5.Nc3 d6 6.Be3 Nf6 7.f4 Be7 8.Qf3 O-O
9.O-O-O Qc7 10.g4 Nxd4 11.Rxd4 a6 12.g5 Nd7 13.h4 b5 14.h5 Bb7 15.g6 Bf6
16.Bh3 Nc5 17.gxh7+ Kh8 18.Rg1 Rac8 19.Rg2 b4 20.Rxb4 Bxc3 21.bxc3 Nd3+  0-1

[Event "XLVIII TCh-POR"]
[Site "Evora POR"]
[Date "2006.07.26"]
[Round "5"]
[White "Romero Holmes,A"]
[Black "Vitor,A"]
[Result "1-0"]
[WhiteElo "2501"]
[BlackElo "2414"]

1.e4 c5 2.Nc3 Nc6 3.Nf3 e6 4.d4 cxd4 5.Nxd4 a6 6.Nxc6 bxc6 7.e5 Qc7 8.Bf4 f5
9.Bd3 Ne7 10.Qe2 Nd5 11.Nxd5 cxd5 12.g4 fxg4 13.Qxg4 Bb7 14.Qh5+ Kd8 15.Bg5+ Be7
16.Bxe7+ Kxe7 17.Qg5+ Kf7 18.Rg1 Rag8 19.Rg3 Ke8 20.Bxh7 Rxh7 21.Qg6+ Ke7
22.Qxh7 Qxe5+ 23.Kf1 Qxb2 24.Re1 Qb5+ 25.Kg1 Rf8 26.Qxg7+ Rf7 27.Qg5+ Kd6
28.Rb3 Qc6 29.Reb1 Qxc2 30.Qg3+ Ke7 31.Rxb7 Ke8 32.R7b4  1-0

[Event "Czech Open A"]
[Site "Pardubice CZE"]
[Date "2006.07.26"]
[Round "6"]
[White "Strohhaeker,Rao"]
[Black "Jovanic,O"]
[Result "1/2-1/2"]
[WhiteElo "2358"]
[BlackElo "2464"]

1.e4 c5 2.Nf3 e6 3.d4 cxd4 4.Nxd4 Nc6 5.Nc3 Qc7 6.g3 a6 7.Bg2 d6 8.O-O Bd7
9.Re1 Be7 10.Nxc6 Bxc6 11.Qg4 h5 12.Qe2 h4 13.a4 hxg3 14.hxg3 Kf8 15.a5 Nf6
16.Bg5 g6 17.Bf3 Kg7 18.Kg2 Rh7 19.Rh1 Rah8 20.Rxh7+ Rxh7 21.Qd2 Rh8 22.Qd4 e5
23.Qd2 Qd8 24.Bxf6+ Bxf6 25.b4 Bg5 26.Qd3 Qd7 27.Rd1 Qh3+ 28.Kg1 Be7 29.Nd5 Bd8
30.c4 Bd7 31.Ne3 Bc7 32.Bg2 Qh5 33.Kf1 Be6 34.Nd5 Bd8 35.Bf3 Qg5 36.Qd2 Bxd5
37.Qxd5 b6 38.Qxd6 bxa5 39.bxa5 Bxa5 40.Qxa6 Bc3 41.c5 Bd4 42.c6 Qe7 43.Qc4 Qa3
44.Kg2 Qb2 45.Rxd4 exd4 46.Bg4 Qc3 47.Qd5 d3 48.Qd6 d2 49.e5 d1=Q 50.Qf6+ Kg8  1/2-1/2

[Event "10th Battle of Senta 1697 Open"]
[Site "Senta SCG"]
[Date "2006.07.26"]
[Round "7"]
[White "Kolar,Sr"]
[Black "Miljkovic,Mih"]
[Result "0-1"]
[WhiteElo "2125"]
[BlackElo "2280"]

1.e4 c5 2.Nf3 Nc6 3.Nc3 e6 4.d4 cxd4 5.Nxd4 Qc7 6.Be2 a6 7.O-O Nf6 8.Kh1 Nxd4
9.Qxd4 Bc5 10.Qd3 b5 11.f4 h5 12.Qg3 Ng4 13.Bf3 Bb7 14.e5 Rc8 15.Ne4 Bxe4
16.Bxe4 Qb6 17.Bd2 Nf2+ 18.Rxf2 Bxf2 19.Qxg7 Rf8 20.Rf1 Qd4 21.Bd3 Rxc2 22.Bxc2 Qxd2
23.Qh7 Qxf4 24.Qd3 Qe3 25.Qd1 h4 26.h3 Rg8 27.a4 Rxg2 28.Qd3 Rg3 29.Qxe3 Bxe3
30.Kh2 Bd4 31.Re1 Re3  0-1

[Event "MTO Open"]
[Site "Biel SUI"]
[Date "2006.07.27"]
[Round "4"]
[White "Jenni,F"]
[Black "Kurmann,O"]
[Result "1-0"]
[WhiteElo "2481"]
[BlackElo "2331"]

1.e4 c5 2.Nf3 e6 3.d4 cxd4 4.Nxd4 Nc6 5.Nc3 a6 6.Be2 d6 7.O-O Nf6 8.Be3 Be7
9.f4 O-O 10.Kh1 Bd7 11.a4 e5 12.Nb3 exf4 13.Rxf4 Be6 14.Nd5 Bxd5 15.exd5 Ne5
16.a5 Qc7 17.Bb6 Qc8 18.Bg1 Nfd7 19.c4 g6 20.Qc2 Qc7 21.Nd4 Rac8 22.b3 Bg5
23.Rff1 Bh6 24.Qc3 Rfe8 25.Ra2 Bg7 26.Qd2 Nf6 27.Rc2 h5 28.h3 Qe7 29.Qf4 Qf8
30.Qh4 Qe7 31.Qf4 Qf8 32.Bh2 Ned7 33.Bf3 Ne5 34.Re2 Nfd7 35.Qd2 Nc5 36.Qd1 Ncd7
37.Be4 Qe7 38.Bc2 Qd8 39.Qd2 Qh4 40.Re4 Qe7 41.Bf4 Bf6 42.Re2 Qd8 43.Ref2 Bh4
44.g3 Be7 45.Bxe5 Nxe5 46.Bxg6 Nxg6 47.Ne6  1-0

[Event "Politiken Cup"]
[Site "Copenhagen DEN"]
[Date "2006.07.27"]
[Round "6"]
[White "Bergvoll,M"]
[Black "Petersen,PB"]
[Result "0-1"]
[WhiteElo "2003"]
[BlackElo "2186"]

1.e4 c5 2.Nf3 e6 3.d4 cxd4 4.Nxd4 Nc6 5.Nc3 Qc7 6.Be3 a6 7.Bd3 Nf6 8.O-O Be7
9.f4 d6 10.Qf3 Bd7 11.Rae1 h5 12.h3 Nxd4 13.Bxd4 Bc6 14.Qf2 Rc8 15.e5 Nd7
16.f5 Nxe5 17.fxe6 fxe6 18.Rxe5 dxe5 19.Bg6+ Kd7 20.Bb6 Rcf8 21.Rd1+ Kc8
22.Qe3 Bg5 23.Qc5 Qe7 24.Rd6 Be3+ 25.Qxe3 Qxd6 26.Bc5 Qc7 27.Bxf8 Rxf8 28.Bxh5 Qd6
29.Ne2 Qd1+ 30.Kh2 Qf1 31.Qg1 Bxg2 32.Qc5+ Bc6  0-1

[Event "Dutch Open"]
[Site "Dieren NED"]
[Date "2006.07.27"]
[Round "3"]
[White "Burg,T"]
[Black "Hoeksema,E"]
[Result "1/2-1/2"]
[WhiteElo "2268"]
[BlackElo "2373"]

1.e4 c5 2.Nf3 e6 3.d4 cxd4 4.Nxd4 Nc6 5.Nc3 d6 6.Be2 Nf6 7.O-O Be7 8.Be3 O-O
9.f4 e5 10.Nxc6 bxc6 11.fxe5 dxe5 12.Qe1 Be6 13.Qg3 Qa5 14.Bh6 Ne8 15.Kh1 Kh8
16.Bd2 Nf6 17.Bg5 Ng8 18.Bd2 Nf6 19.Bg5 Ng8  1/2-1/2

[Event "Czech Open A"]
[Site "Pardubice CZE"]
[Date "2006.07.27"]
[Round "7"]
[White "Arzumanian,G"]
[Black "Laznicka,V"]
[Result "1/2-1/2"]
[WhiteElo "2446"]
[BlackElo "2602"]

1.e4 c5 2.Nf3 e6 3.d4 cxd4 4.Nxd4 Nc6 5.Nc3 a6 6.Be2 d6 7.O-O Nf6 8.Be3 Be7
9.f4 O-O 10.a4 Bd7 11.Nb3 Na5 12.Nd2 Bc6 13.Bf2 Rc8 14.Bd3 Be8 15.Qf3 Nd7
16.Qh3 Nc5 17.Bxc5 dxc5 18.e5 g6 19.Nde4 c4 20.Be2 Bc6 21.Rad1 Qb6+ 22.Kh1 Kg7
23.Nf6 h6 24.Bf3 Rfd8 25.Bxc6 Nxc6 26.Rf3 Nd4 27.Qxh6+ Kxh6 28.Rh3+ Kg7 29.Rh7+ Kf8
30.Rh8+ Kg7 31.Rh7+  1/2-1/2

[Event "10th Battle of Senta 1697 Open"]
[Site "Senta SCG"]
[Date "2006.07.27"]
[Round "8"]
[White "Jovanovic,Zo1 SCG"]
[Black "Arsovic,Z"]
[Result "0-1"]
[WhiteElo "2281"]
[BlackElo "2441"]

1.e4 c5 2.Nf3 e6 3.d4 cxd4 4.Nxd4 Nc6 5.Nc3 Qc7 6.Be3 a6 7.Qd2 Nf6 8.O-O-O Be7
9.f3 O-O 10.g4 b5 11.g5 Ne8 12.Kb1 Bb7 13.Nxc6 Bxc6 14.h4 Rc8 15.Bf4 Qb6
16.h5 b4 17.Ne2 f5 18.gxf6 Nxf6 19.Be3 Qb7 20.Nd4 Nxe4 21.fxe4 Bxe4 22.Rg1 e5
23.h6 g6 24.Ka1 exd4 25.Qxd4 Bf6 26.Bc4+ d5 27.Qxe4 Rxc4 28.Rxg6+ hxg6 29.Qxg6+ Kh8
30.Bg5 Qf7  0-1

[Event "MTO Open"]
[Site "Biel SUI"]
[Date "2006.07.28"]
[Round "5"]
[White "Sethuraman,S"]
[Black "Landenbergue,C"]
[Result "1-0"]
[WhiteElo "2290"]
[BlackElo "2440"]

1.e4 c5 2.Nf3 Nc6 3.Nc3 e6 4.d4 cxd4 5.Nxd4 Qc7 6.Be3 Nf6 7.Ndb5 Qb8 8.f4 a6
9.e5 axb5 10.exf6 gxf6 11.Nxb5 b6 12.Be2 Ba6 13.O-O Bxb5 14.Bxb5 Qc7 15.Qh5 Ne7
16.Rad1 Rd8 17.f5 Nxf5 18.Rde1 Ng7 19.Qh6 Qxc2 20.Qxf6 Qg6 21.Bg5 Bc5+ 22.Kh1 O-O
23.Qxg6 hxg6 24.Bxd8 Rxd8 25.Rb1 Nf5 26.b4 Bd4 27.a4 e5 28.g3 Nd6 29.Bd3 Ra8
30.Bc2 Kg7 31.Bb3 f5 32.Rbc1 Ra7 33.Rc2 Ne4 34.Rf3 Nf6 35.Rc8 e4 36.Rf1 Be5
37.Rd1 d5 38.Rc6 d4 39.Re6 Ng4 40.Rc1 d3 41.h3 Bb2 42.Rb1 Nf2+ 43.Kg2 Bd4
44.Rd6 Be3 45.Rf1 Bd2 46.Rxf2 Bxb4 47.Re6 Bc5 48.Rf1 Rd7 49.g4 e3 50.gxf5 gxf5
51.Rxf5 e2 52.Rg5+ Kh7 53.Bd5 Bf8 54.Be4+ Kh8 55.Re8  1-0

[Event "Politiken Cup"]
[Site "Copenhagen DEN"]
[Date "2006.07.28"]
[Round "7"]
[White "Kirkegaard,N"]
[Black "Sonderby,A"]
[Result "1/2-1/2"]
[WhiteElo "2029"]
[BlackElo "1926"]

1.e4 c5 2.Nf3 e6 3.d4 cxd4 4.Nxd4 Nc6 5.Nc3 Qc7 6.Be2 a6 7.O-O Nf6 8.Kh1 Nxd4
9.Qxd4 Bc5 10.Qd3 b5 11.f4 Bb7 12.Bf3 h5 13.e5 Ng4 14.Bxb7 Qxb7 15.Ne4 Be7
16.a4 O-O 17.axb5 axb5 18.Be3 Nxe3 19.Qxe3 Rfc8 20.c3 Rc4 21.Nd2 Rca4 22.Rxa4 Rxa4
23.Nb3 Qd5 24.Nc1 d6 25.Qe2 g6 26.Rd1 Qc6 27.Nd3 Qc4 28.Qc2 Ra8 29.b3 Qc7
30.c4 Rc8 31.Rc1 dxe5 32.Nxe5 Ba3 33.Rd1 Bd6 34.Nxg6 bxc4 35.bxc4 Kg7 36.Qd2 Kxg6
37.Qxd6 Qxd6 38.Rxd6 Rxc4 39.g3 Rc2 40.Rd4 Kf5 41.h3 Ra2 42.Rb4 Re2 43.Ra4 f6
44.Kg1 e5 45.g4+ Kg6 46.fxe5 fxe5 47.gxh5+ Kxh5 48.Kf1 Rh2 49.Re4 Rxh3  1/2-1/2

[Event "Czech Open A"]
[Site "Pardubice CZE"]
[Date "2006.07.28"]
[Round "8"]
[White "Morozov,D"]
[Black "Jovanic,O"]
[Result "1/2-1/2"]
[WhiteElo "2350"]
[BlackElo "2464"]

1.e4 c5 2.Nf3 e6 3.d4 cxd4 4.Nxd4 Nc6 5.Nc3 Qc7 6.Be3 Nf6 7.Be2 a6 8.O-O Bb4
9.Na4 Be7 10.Nxc6 bxc6 11.Nb6 Rb8 12.Nxc8 Qxc8 13.Bd4 c5 14.Be5 Rb6 15.b3 Nxe4
16.Bxg7 Rg8 17.Bb2 Rd6 18.Bd3 Qc6 19.Qf3 f5 20.Rfe1 Ng5 21.Qxc6 Rxc6 22.Kf1 h5
23.f4 Nh7 24.Rad1 h4 25.Re3 Kd8 26.Rh3 Nf6 27.Rxh4 Nd5 28.Rh3 Nxf4 29.Rh8 Rxh8
30.Bxh8 Ke8 31.c4 Rd6 32.Bc2 Rxd1+ 33.Bxd1 Nd3 34.a3 Bd6 35.Bc2 Be5 36.Bxd3 Bxh8
37.g4 fxg4 38.Be2 Bb2 39.a4 Ke7 40.Bxg4 Kf6 41.Ke2 Ke5 42.Kd3 Kf4 43.h3 a5
44.Bh5 Bf6 45.Be8 e5 46.Bg6 d6 47.Be4  1/2-1/2

[Event "10th Battle of Senta 1697 Open"]
[Site "Senta SCG"]
[Date "2006.07.28"]
[Round "9"]
[White "Dudukovic,N"]
[Black "Zegarac,B"]
[Result "1/2-1/2"]
[WhiteElo "2054"]
[BlackElo "2283"]

1.e4 c5 2.Nf3 e6 3.d4 cxd4 4.Nxd4 Nc6 5.Nc3 a6 6.Be3 Nf6 7.Bd3 Qc7 8.O-O Bd6
9.h3 Bf4 10.Bxf4 Qxf4 11.Nde2 Qc7 12.Qd2 O-O 13.Rfd1 b5 14.a3 Bb7 15.Rac1 Rac8
16.Qe3 Rfd8 17.f4 d6 18.Kh1 Na5 19.b3 Nc6 20.b4 Ne7 21.a4 bxa4 22.Nxa4 Qc6
23.Nb6 Rb8 24.Nc4 Ba8 25.Na5 Qb6 26.Qxb6 Rxb6 27.e5 Nfd5 28.Nc4 Rxb4 29.c3 Ra4
30.exd6 Nf5 31.Ra1 Rxa1 32.Rxa1 Nxd6 33.Ne5 Ne3 34.Nf3 Bxf3 35.gxf3 Ndf5
36.Rxa6 g6 37.Bxf5 Nxf5 38.Ra2 Rd3 39.c4 Nd4 40.Ra8+ Kg7 41.Rd8 Rd1+ 42.Ng1 Kf6
43.c5 Ke7 44.Rd6 Rd2 45.h4 h5 46.Ra6 Rc2 47.Ra7+ Kf6 48.Rc7 Nb3 49.Nh3 Rxc5
50.Rb7 Na5 51.Ra7 Nc6 52.Rc7 Rc1+ 53.Kg2 Rc2+ 54.Kg3 Nd4 55.Rxc2 Nxc2 56.Ng5 Ne3
57.Ne4+ Ke7 58.Ng5 Nf5+ 59.Kh3 Ne3 60.Kg3 Nd5 61.Ne4 f6 62.Nc5 Kd6 63.Nd3 Kc6
64.Nf2 Kc5 65.Ne4+ Kd4 66.Nd6 Ne7 67.Ne4 Ke3 68.Nxf6 Nf5+ 69.Kh3 Kxf3 70.Nh7 Ne7
71.Ng5+ Kxf4 72.Nxe6+ Kf3 73.Nd4+ Ke4 74.Ne6 Nd5 75.Kg3 Ke5 76.Nf8 Kf5 77.Kf3 Ne7
78.Nh7 Ke5 79.Nf8 Kf6 80.Kg3 Nf5+ 81.Kh3 Kf7 82.Nd7 Nh6 83.Kg3 Ke6 84.Nc5+ Kf5
85.Nb3 Ng4 86.Nd4+ Ke4 87.Ne6 Nf6 88.Nf4 Kf5 89.Kf3 Ne8 90.Nd5 Nd6 91.Ne7+ Kf6
92.Nd5+ Kf7 93.Kf4 Nf5 94.Kg5 Nd4 95.Nf4 Nf3+ 96.Kh6 Nxh4 97.Nxg6 Nxg6 98.Kxh5  1/2-1/2

[Event "10th Battle of Senta 1697 Open"]
[Site "Senta SCG"]
[Date "2006.07.28"]
[Round "9"]
[White "Sekelj,G"]
[Black "Andrijevic,M"]
[Result "0-1"]
[WhiteElo "2238"]
[BlackElo "2370"]

1.e4 c5 2.Nf3 e6 3.d4 cxd4 4.Nxd4 Nc6 5.Nc3 Qc7 6.Be3 a6 7.Be2 Nf6 8.O-O Bb4
9.Na4 Be7 10.Nxc6 bxc6 11.Nb6 Rb8 12.Nxc8 Qxc8 13.e5 Nd5 14.Bc1 Bc5 15.c3 Qc7
16.Bxa6 Qxe5 17.Kh1 O-O 18.Bd3 Nf6 19.a4 d5 20.a5 Qc7 21.b4 Bd6 22.f4 e5
23.fxe5 Bxe5 24.Bd2 Rfe8 25.Qf3 Ne4 26.Bxe4 dxe4 27.Qh3 Rbd8 28.Ra2 Rd3 29.Qf5 Bxc3
30.Bxc3 Rxc3 31.a6 Qa7 32.b5 Rc5 33.Qf4 Rxb5  0-1

[Event "Politiken Cup"]
[Site "Copenhagen DEN"]
[Date "2006.07.29"]
[Round "8"]
[White "Negi,P"]
[Black "Jakobsen,O"]
[Result "1-0"]
[WhiteElo "2480"]
[BlackElo "2387"]

1.e4 c5 2.Nf3 e6 3.d4 cxd4 4.Nxd4 Nc6 5.Nc3 d6 6.f4 Nf6 7.Be3 Be7 8.Qf3 O-O
9.O-O-O Qc7 10.g4 Nxd4 11.Bxd4 e5 12.fxe5 dxe5 13.Qg3 Be6 14.Bxe5 Qc5 15.Bxf6 Bxf6
16.Nd5 Bxd5 17.Rxd5 Qb4 18.e5 Rad8 19.Rxd8 Rxd8 20.Bd3 Bg5+ 21.Kb1 Qf4 22.a3 Re8
23.Re1 Qxg3 24.hxg3 Bf6 25.Bxh7+ Kf8 26.Be4 Rxe5 27.c3 g6 28.Kc2 Bg5 29.Kd3 Kg7
30.Rf1 Re7 31.Bd5 f6 32.Rf3 b6 33.b4 a5 34.bxa5 bxa5 35.c4 Bc1 36.Kd4 Bb2+
37.Kc5 Be5 38.Kb5 Bc7 39.c5 Re1 40.Kc6 Be5 41.Rd3 Rc1 42.Kb6 Kh6 43.c6 Kg5
44.Be6 Rb1+ 45.Rb3 Rxb3+ 46.Bxb3 Kxg4 47.Kxa5 g5 48.Kb5 f5 49.a4 Bd4  1-0

[Event "Politiken Cup"]
[Site "Copenhagen DEN"]
[Date "2006.07.29"]
[Round "8"]
[White "Forsaa,E"]
[Black "De Haan,E"]
[Result "1/2-1/2"]
[WhiteElo "2065"]
[BlackElo "2295"]

1.e4 c5 2.Nf3 e6 3.d4 cxd4 4.Nxd4 Nc6 5.Nc3 Qc7 6.Be3 a6 7.Qd2 Nf6 8.O-O-O Bb4
9.f3 Ne5 10.Nb3 b5 11.Kb1 Be7 12.Qf2 Rb8 13.g4 d6 14.g5 Nfd7 15.h4 Nc4 16.Bxc4 bxc4
17.Nc1 O-O 18.Bd4 Ne5 19.N3e2 d5 20.Bc3 Bc5 21.Qg3 Bd6 22.f4 Nd7 23.e5 Bb4
24.g6 fxg6 25.h5 Nc5 26.hxg6 Ne4 27.gxh7+ Kh8 28.Qe3 Nxc3+ 29.Nxc3 Bc5 30.Qg3 Bd7
31.b3 Bc6 32.Qg6 Qe7 33.Rhf1 cxb3 34.axb3 Bb4 35.N3a2 Ba3 36.f5 Bb5 37.f6 Qf7
38.fxg7+ Qxg7 39.Rxf8+ Rxf8 40.Qxe6 Re8 41.Qxd5 Rxe5 42.Qg8+ Qxg8 43.hxg8=Q+ Kxg8
44.Nc3 Bc6 45.Nd3 Rg5 46.Rf1 Be7 47.Ne2 Rg2 48.Rg1 Rxg1+ 49.Nxg1 a5 50.Ka2 Bd5
51.Kb2 Bf6+ 52.Ka3 Be7+ 53.Ka4 Bd8 54.Ne2 Bc6+ 55.Ka3 Be7+ 56.Ka2 Kf8 57.Nd4 Bd5
58.Nf5 a4 59.Nxe7  1/2-1/2

[Event "Politiken Cup"]
[Site "Copenhagen DEN"]
[Date "2006.07.29"]
[Round "8"]
[White "Kristiansen,J"]
[Black "Petersen,PB"]
[Result "1-0"]
[WhiteElo "2425"]
[BlackElo "2186"]

1.e4 c5 2.Nf3 e6 3.Nc3 Nc6 4.d4 cxd4 5.Nxd4 Qc7 6.f4 a6 7.Nxc6 bxc6 8.Bd3 d5
9.O-O Nf6 10.Qe2 Be7 11.b3 a5 12.Kh1 dxe4 13.Nxe4 Nxe4 14.Qxe4 Bf6 15.Rb1 Kf8
16.Ba3+ Kg8 17.f5 e5 18.Rbd1 Bb7 19.Bc4 Rd8 20.Bc5 h6 21.Rxd8+ Bxd8 22.f6 Rh7
23.Bd3 g6 24.Bc4 Kh8 25.Qf3 Bc8 26.Rd1 h5 27.Qxc6  1-0

[Event "Dutch Open"]
[Site "Dieren NED"]
[Date "2006.07.29"]
[Round "5"]
[White "Burg,T"]
[Black "Li Shilong"]
[Result "1-0"]
[WhiteElo "2268"]
[BlackElo "2540"]

1.e4 c5 2.Nf3 Nc6 3.d4 cxd4 4.Nxd4 e6 5.Nc3 Qc7 6.Be2 Nf6 7.O-O a6 8.Be3 Be7
9.Kh1 d6 10.f4 Bd7 11.a4 O-O 12.Qe1 Nxd4 13.Bxd4 Bc6 14.Qg3 b6 15.Rae1 Qb7
16.Bd3 Rad8 17.Qh3 h6 18.Rf3 Kh8 19.Rg3 Rg8 20.Rge3 e5 21.fxe5 dxe5 22.Bxe5 Bd7
23.Qh4 Be6 24.Nd5 Ng4 25.Nxe7 Nxe5 26.Nxg8 Rxg8 27.Qf4 f6 28.Qf1 a5 29.Be2 Qb8
30.Rc3 Qd6 31.b3 Qb4 32.Rg3 Rc8 33.c4 Bf7 34.Rd1 Re8 35.Qf2 Bg6 36.Rxg6 Nxg6
37.Bh5 Qxb3 38.Rg1  1-0

[Event "Dutch Open"]
[Site "Dieren NED"]
[Date "2006.07.29"]
[Round "5"]
[White "Ten Hagen,Y"]
[Black "Beeke,B"]
[Result "0-1"]
[WhiteElo "2127"]
[BlackElo "2166"]

1.e4 c5 2.Nc3 e6 3.Nge2 Nc6 4.d4 cxd4 5.Nxd4 d6 6.Be3 Nf6 7.Be2 Be7 8.Qd2 a6
9.O-O-O O-O 10.f4 Qc7 11.g4 b5 12.g5 Nd7 13.Rdg1 Nc5 14.Bf3 Na5 15.f5 b4
16.Nce2 Nc4 17.Qxb4 Nxb2 18.Nxe6 fxe6 19.Bxc5 Rb8 20.Qd4 Qxc5 21.f6 Bd8 22.Qxc5 dxc5
23.h4 Nc4 24.Nf4 Ba5 25.Nh5 Rd8 26.c3 Na3  0-1

[Event "Czech Open A"]
[Site "Pardubice CZE"]
[Date "2006.07.29"]
[Round "9"]
[White "Bindrich,F"]
[Black "Strohhaeker,Rao"]
[Result "1-0"]
[WhiteElo "2486"]
[BlackElo "2358"]

1.e4 c5 2.Nf3 e6 3.Nc3 Nc6 4.d4 cxd4 5.Nxd4 Qc7 6.Be3 a6 7.Be2 Nf6 8.O-O Bb4
9.Nxc6 bxc6 10.f4 Bxc3 11.bxc3 Nxe4 12.Bf3 Nf6 13.Bc5 d5 14.Qd4 a5 15.Rfe1 Rb8
16.c4 Ba6 17.f5 Kd7 18.fxe6+ fxe6 19.Rad1 Rhe8 20.Bg4 a4 21.Bh3 Qa5 22.Kh1 Bxc4
23.Rxe6 Rxe6 24.Qe5 Re8 25.Qd6+ Kc8 26.Bxe6+ Kb7 27.Bf2 Qc7 28.Qb4+ Bb5 29.Bxd5 Nxd5
30.Rxd5 Qf7 31.Rxb5+ cxb5 32.Qxb5+ Kc7 33.Bg3+ Kd8 34.Qb8+ Kd7 35.Qd6+ Kc8
36.Qc6+ Kd8 37.Bh4+ Re7 38.Kg1  1-0

[Event "Czech Open A"]
[Site "Pardubice CZE"]
[Date "2006.07.29"]
[Round "9"]
[White "Khairullin,I"]
[Black "Lindberg,Be"]
[Result "1/2-1/2"]
[WhiteElo "2538"]
[BlackElo "2419"]

1.e4 c5 2.Nf3 e6 3.d4 cxd4 4.Nxd4 Nc6 5.Nc3 Qc7 6.Be3 a6 7.Qd2 Nf6 8.O-O-O Bb4
9.f3 Ne5 10.Nb3 b5 11.Bd4 Be7 12.Qf2 d6 13.g4 O-O 14.g5 Nfd7 15.f4 b4 16.Na4 Nc4
17.Qe2 Ncb6 18.Nxb6 Nxb6 19.Qf2 Nc4 20.Qe2 Na5 21.Kb1 e5 22.Be3 exf4 23.Bxf4 Nxb3
24.cxb3  1/2-1/2

[Event "Czech Open A"]
[Site "Pardubice CZE"]
[Date "2006.07.29"]
[Round "9"]
[White "Reutsky,S"]
[Black "Genutis,M"]
[Result "1/2-1/2"]
[WhiteElo "2370"]
[BlackElo "2259"]

1.e4 c5 2.Nf3 e6 3.d4 cxd4 4.Nxd4 Nc6 5.Nc3 Qc7 6.g3 a6 7.Bg2 d6 8.O-O Bd7
9.Re1 Be7 10.Be3 Rc8 11.Nxc6 Bxc6 12.Qg4 h5 13.Qe2 h4 14.Qg4 Kf8 15.Rad1 Nf6
16.Qe2 hxg3 17.hxg3 g6 18.Bd4 e5 19.Be3 Kg7 20.Bg5 Rh5 21.Bxf6+ Bxf6 22.Bf3 Rh6
23.Kg2 Rch8 24.Rh1 Rxh1 25.Rxh1 Rxh1 26.Kxh1 Qb6 27.Nd1 Qa5 28.a3 Bg5 29.c3 Qa4
30.Qd3 Be7 31.Ne3  1/2-1/2

[Event "Czech Open A"]
[Site "Pardubice CZE"]
[Date "2006.07.29"]
[Round "9"]
[White "Bajarani,I"]
[Black "Hermansson,E"]
[Result "1/2-1/2"]
[WhiteElo "2341"]
[BlackElo "2461"]

1.e4 c5 2.Nf3 Nc6 3.Nc3 e6 4.d4 cxd4 5.Nxd4 Nf6 6.Nxc6 bxc6 7.e5 Nd5 8.Nxd5 cxd5
9.Bd3 Ba6 10.O-O Bxd3 11.cxd3 g6 12.d4 Bg7 13.b3 d6 14.f4 Qa5 15.a4 dxe5
16.fxe5 Qb6 17.Kh1 Rb8 18.Rf3 O-O 19.Ba3  1/2-1/2